书目信息 |
| 题名: |
电子商务概论
|
|
| 作者: | 方美琪 主编 | |
| 分册: | ||
| 出版信息: | 北京 清华大学出版社 1999.09 |
|
| 页数: | 527页 | |
| 开本: | 16开 | |
| 丛书名: | ||
| 单 册: | ||
| 中图分类: | F713.36 | |
| 科图分类: | ||
| 主题词: | 商业经济--国内 | |
| 电子资源: | ||
| ISBN: | 978-7-302-04823-7 | |
| 000 | 00521nam0 2200181 45 | |
| 001 | 1237455034 | |
| 005 | 20201027153342.65 | |
| 010 | @a978-7-302-04823-7@dCNY37.00 | |
| 100 | @a20001115d1999 km y0chiy0120 ea | |
| 101 | 0 | @achi |
| 200 | 1 | @a电子商务概论@ADian Zi Shang Wu Gai Lun@f方美琪主编@FFang Mei Qi Zhu Bian |
| 210 | @a北京@c清华大学出版社@d1999.09 | |
| 215 | @a527页@d16开 | |
| 606 | 0 | @a商业经济@x国内 |
| 690 | @aF713.36@v3 | |
| 701 | 0 | @a方美琪@4主编 |
| 801 | @aCN@c20081017 | |
| 905 | @b406985-989@dF713.36@eF2151@f5 | |
| 电子商务概论/方美琪主编.-北京:清华大学出版社,1999.09 |
| 527页;16开 |
| ISBN 978-7-302-04823-7:CNY37.00 |
| ● |
| 相关链接 |
|
|
|
正题名:电子商务概论
索取号:F713.36/F2151
 
预约/预借
| 序号 | 登录号 | 条形码 | 馆藏地/架位号 | 状态 | 备注 |
| 1 | 1499663 | 214996637 | 社科库409/409社科库 41排5列5层/ [索取号:F713.36/F2151] | 在馆 | |
| 2 | 487207 | 204872076 | 社科库409/422社科库 36排2列3层/ [索取号:F713.36/F2151] | 在馆 | |
| 3 | 487257 | 204872575 | 社科库409/422社科库 36排2列3层/ [索取号:F713.36/F2151] | 在馆 |